000 00296nam a2200145Ia 4500
100 _aSiegel/Charles
942 _cBK
654 _aC
245 _aTeach yourself C
260 _bBPB Publication
_aDelhi
_c1989
082 _a001.6424C2
_bSIE
300 _a357
546 _aENGLISH
999 _c27645
_d27645